Представление документа в формате RUSMARC

ПолеНазваниеЗначение
  Тип записи a
  Библиографический уровень m
001 Контрольный номер RU/SLIB/B/208755508
005 Дата корректировки 20201206204150.6
010 Индекс ISBN __
d Цена 10-00
101 Язык документа __
a Язык текста rus
200 Заглавие и сведения об ответственности 0_
a Заглавие Картель четырех: Французская театральная режиссура между двумя войнами. Шарль Дюллен. Луи Жуве. Гастон Бати. Жорж Питоев
f Первые сведения об ответственности Финкельштейн Е. Л.
b Общее обозначение материала Текст
210 Выходные данные __
a Место издания Л.
c Издательство Искусство, Ленингр. отд-ние
d Дата издания 1974
215 Физическое описание __
a Объем 352 с., [16] л. ил.
600 Персоналии __
a Персоналии (Фамилия) Дюллен, Ш.
600 Персоналии __
a Персоналии (Фамилия) Жуве, Л.
600 Персоналии __
a Персоналии (Фамилия) Бати, Г.
600 Персоналии __
a Персоналии (Фамилия) Питоев, Ж.
606 Тематические рубрики __
a Основная рубрика Музыка и зрелищные искусства
y Географическая подрубрика Франция
606 Тематические рубрики __
a Основная рубрика Драматический театр
610 Ключевые слова __
a Ключевые слова театральная режиссура; история театров; французский театр; зарубежный театр; персоналии; актеры
686 Индексы других классификаций __
a Классификационный индекс 85.334.3(4Фра)
700 Автор __
a Фамилия Финкельштейн
b Имя Е. Л.
4 Код отношения 070
801 Источник записи _0
a Страна RU
b Организация Муниципальное бюджетное учреждение культуры "Централизованная библиотечная система" г. Сургут (Центральная городская библиотека им. А. С. Пушкина)
g Правила каталогизации КиК/Уланова
801 Источник записи _1
a Страна RU
b Организация Муниципальное бюджетное учреждение культуры "Централизованная библиотечная система" г. Сургут (Центральная городская библиотека им. А. С. Пушкина)
g Правила каталогизации КиК/Уланова
852 Данные о местонахождении __
j Шифр хранения 85.334.3(4Фра)
c Каталожный индекс 85.334.3(4Фра)
i Авторский знак Ф 59
p Инвентарный номер 54465
901 Тип документа __
t Тип документа m
990 Данные о заказе (DOS) __
j Количество экземпляров (DOS) 1